000 00779cam a2200241 a 4500
001 14708887
005 20180123034214.0
008 070124s2007 caua b 001 0 eng
010 _a 2007001611
020 _a188495670X
020 _a9781884956706
040 _aDLC
_cDLC
_dDLC
041 _aeng
080 _a155.5 rob
082 0 0 _a155.5 rob
_222
100 1 _a48
101 _apsi
245 1 4 _aThe case against adolescence :
_cRobert Epstein.
504 _aIncludes bibliographical references and index.
906 _a7
_bcbc
_corignew
_d1
_eecip
_f20
_gy-gencatlg
942 _2ddc
_cBK
999 _c40710
_d40710